000 01136nam a22002657a 4500
010 _aBAC-CH25
020 _a9780545417983 (pbk.)
_c150.00
035 _aB-556423-458
035 _aG-003194
037 _aUBH/Ven
082 0 0 _aS
_223
100 1 _aStine, R. L.
245 1 0 _aGoosebumps Most Wanted :
_cby R.L. Stine.
_bplanet of the lawn ghomes /
260 _aNew York :
_bScholastic,
_cc2013
270 _a557 Broadway,
_bNew York,
_eNY 10012.
300 _a125p.
_c20cm(pbk)
490 0 _aGoosebumps most wanted ;
_v1
520 _aWhen his mischievous antics get so bad that his family is forced to move, Jay Gardner arrives in a new neighborhood where all of the houses have lawn gnomes and people are afraid to go out at night, a situation that leads to a horrific discovery.
650 0 _aGarden ornaments and furniture
_vJuvenile fiction.
650 0 _aGnomes
_vJuvenile fiction.
650 1 _aHorror stories.
942 _2ddc
_cCH
_hS
_mSTI
999 _c86625
_d86625